Testovanie bezpečnostných kamerových systémov – nahrávacie zariadenia
Rastúci počet technologických riešení a dostupnosť monitorovacích systémov podporuje výber rôznych značiek a modelov bezpečnostných kamier, alebo ich komponentov. Z tohto dôvodu existuje dopyt po testovacích riešeniach. Na Fakulte bezpečnostného inžinierstva Žilinskej univerzity sa takéto testovanie...
Enregistré dans:
| Auteur principal: | |
|---|---|
| Autres auteurs: | |
| Format: | Chapitre de livre |
| Langue: | slovaque |
| Sujets: | |
| Tags: |
Pas de tags, Soyez le premier à ajouter un tag!
|
MARC
| LEADER | 00000naa a2200000 4500 | ||
|---|---|---|---|
| 001 | 0307046 | ||
| 005 | 20250217095424.8 | ||
| 041 | 0 | |a slo | |
| 044 | |a SK | ||
| 245 | 1 | 0 | |a Testovanie bezpečnostných kamerových systémov – nahrávacie zariadenia |c Andrej Veľas, Ladislav Mariš |
| 520 | |a Rastúci počet technologických riešení a dostupnosť monitorovacích systémov podporuje výber rôznych značiek a modelov bezpečnostných kamier, alebo ich komponentov. Z tohto dôvodu existuje dopyt po testovacích riešeniach. Na Fakulte bezpečnostného inžinierstva Žilinskej univerzity sa takéto testovanie realizuje najmä v rámci predmetu zabezpečovacích systémov - kamerových systémov a tiež v rámci záverečnej práce. Uvedenie príkladu testovania a tiež opisov príkladov testovania video záznamov. | ||
| 610 | 2 | 0 | |a testovanie výrobkov |
| 610 | 2 | 0 | |a monitoring |
| 610 | 2 | 0 | |a bezpečnosť |
| 610 | 2 | 0 | |a ochrana civilná |
| 610 | 2 | 0 | |a zariadenia bezpečnostné |
| 100 | 1 | |a Veľas, Andrej | |
| 700 | 1 | |a Mariš, Ladislav | |